Daňové zvýhodnenia pri zisťovaní základu dane a dane z príjmov podnikateľa fyzickej osoby podľa právnej úpravy v SR bakalárska práca

Uložené v:
Podrobná bibliografia
Hlavný autor: Kollmannová, Karin Andrea
Korporativný autor: Fakulta hospodárskej informatiky EU. Katedra účtovníctva a audítorstva
Ďalší autori: Benko, Ján
Médium: Kniha
Jazyk:Slovak
Vydavateľské údaje: Bratislava 2018
Tagy: Pridať tag
Žiadne tagy, Buďte prvý, kto otaguje tento záznam!

MARC

LEADER 00000nbm a2200000 4500
001 0245407
005 20181106083336.5
041 0 |a slo 
044 |a SK 
245 1 0 |a Daňové zvýhodnenia pri zisťovaní základu dane a dane z príjmov podnikateľa fyzickej osoby podľa právnej úpravy v SR  |b bakalárska práca  |c Karin Andrea Kollmannová ; školiteľ: Ján Benko 
264 1 |a Bratislava  |c 2018 
300 |a 46 s. 
100 1 |a Kollmannová, Karin Andrea 
700 1 |a Benko, Ján 
710 2 |a Fakulta hospodárskej informatiky EU. Katedra účtovníctva a audítorstva